00387nam a2200157Ia 4500003000400000005001700004008004000021040000700061041001200068082001300080100004500093245004900138250000600187260002300193300001300216OSt20230317101538.0210210b1970 xxu||||| |||| 00| 0 eng d cAL aEnglish a546 DURI aDURRANT (Philip John) & DURRANT (Beryl). aIntroduction to advanced inorganic chemistry a2 aLondonbELBSc1970 axiv,1250